| 000 | 00505nam a2200193 u 4500 | ||
|---|---|---|---|
| 005 | 20220825160451.0 | ||
| 008 | 081002s2002 r 000 0 eng d | ||
| 020 | _a8489852464 | ||
| 035 | _aUPN01000161868 | ||
| 049 | _aCG | ||
| 050 | 4 |
_aPQ6663 A7.9 _bA4.2 |
|
| 100 | 1 |
_aMarzo, José, _d1967- |
|
| 245 | 1 | 3 |
_aLa alambrada / _cJosé Marzo. |
| 260 |
_aMadrid : _bBassarai, _c2002. |
||
| 300 | _a118 p. | ||
| 440 | 0 |
_aNarrativa ; _v31 |
|
| 650 | 7 |
_aNovela española _ySiglo XXI _2 _912862 |
|
| 905 | _aLibro | ||
| 999 |
_c133981 _d133981 |
||